书目信息 |
| 题名: |
红梅记
|
|
| 作者: | 周朝俊 著 | |
| 分册: | ||
| 出版信息: | 上海 上海古籍出版社 1985.6 |
|
| 页数: | 138页 | |
| 开本: | 20cm | |
| 丛书名: | ||
| 单 册: | ||
| 中图分类: | I237.2 | |
| 科图分类: | ||
| 主题词: | 戏剧文学--剧本--中国 | |
| 电子资源: | ||
| ISBN: | ||
| 000 | 00529nam0 2200193 45 | |
| 001 | 0312221749 | |
| 005 | 20031222170805.3 | |
| 010 | @dCNY0.92 | |
| 100 | @a20031222d1985 km y0chiy0120 ea | |
| 101 | @achi | |
| 105 | @a z 000yy | |
| 200 | 1 | @a红梅记@AHong Mei Ji@f(明)周朝俊著@F(Ming)Zhou Chao Jun Zhu |
| 210 | @a上海@c上海古籍出版社@d1985.6 | |
| 215 | @a138页@d20cm | |
| 606 | 0 | @a戏剧文学@x剧本@x中国 |
| 690 | @aI237.2@v3 | |
| 701 | 0 | @a周朝俊@4著 |
| 801 | @aCN@bTSTCL@c20031222 | |
| 905 | @a213230@dI237.2@e21@b142634-636@f3 | |
| 红梅记/(明)周朝俊著.-上海:上海古籍出版社,1985.6 |
| 138页;20cm |
| ISBN :CNY0.92 |
| ● |
| 相关链接 |
|
|
|
|
正题名:红梅记
索取号:I237.2/21
 
预约/预借
| 序号 | 登录号 | 条形码 | 馆藏地/架位号 | 状态 | 备注 |
| 1 | 0142634 | 000759799 | 密集书库/ [索取号:I237.2/21] | 在馆 | |
| 2 | 0142635 | 000759771 | 第二借阅区/ [索取号:I237.2/21] | 在馆 | |
| 3 | 0142636 | 000759780 | 第一样本阅览室/ [索取号:I237.2/21] | 在馆 |